Southville International School and Colleges
Your cart is empty.
  • Cart
  • Lists
    Public lists Eva Luna New books Lux_list list_1
    Your lists Log in to create your own lists
  • Log in to your account
  • Your cookies
  • Search history
Southville International School and Colleges
  • Advanced search
  • Recent comments
  • Most popular
  • Libraries

Log in to your account

Log in with GOOGLE


If you do not have an external account, but do have a local account, you can still log in:

  1. Home
  2. MARC view: Belly laughs from Bikini Bottom.
Normal view MARC view ISBD view

Belly laughs from Bikini Bottom. (Record no. 112502)

[ view plain ]
MARC details
000 -LEADER
fixed length control field 00503nam a2200205 a 4500
001 - CONTROL NUMBER
control field 0085
005 - DATE AND TIME OF LATEST TRANSACTION
control field 20140414131938.0
008 - FIXED-LENGTH DATA ELEMENTS--GENERAL INFORMATION
fixed length control field 040728s19uu xx 00 eng d
020 ## - INTERNATIONAL STANDARD BOOK NUMBER
International Standard Book Number
050 ## - LIBRARY OF CONGRESS CALL NUMBER
Classification number M 808.7
Item number K79 2003
100 ## - MAIN ENTRY--PERSONAL NAME
Personal name Kowitt, Holly
245 ## - TITLE STATEMENT
Title Belly laughs from Bikini Bottom.
260 ## - PUBLICATION, DISTRIBUTION, ETC. (IMPRINT)
Place of publication, distribution, etc New York :
Name of publisher, distributor, etc Scholastic ,
Date of publication, distribution, etc 2003.
300 ## - PHYSICAL DESCRIPTION
Extent 1 v. : ill. ; cm.
650 ## - SUBJECT ADDED ENTRY--TOPICAL TERM
Topical term or geographic name as entry element Jokes
General subdivision
650 ## - SUBJECT ADDED ENTRY--TOPICAL TERM
Topical term or geographic name as entry element
General subdivision
650 ## - SUBJECT ADDED ENTRY--TOPICAL TERM
Topical term or geographic name as entry element Riddles, Juvenile.
650 ## - SUBJECT ADDED ENTRY--TOPICAL TERM
Topical term or geographic name as entry element Wit and humor.
Holdings
Withdrawn status Lost status Damaged status Home library Current library Shelving location Date acquired Total Checkouts Full call number Barcode Date last seen Price effective from Koha item type
      Munich Library Munich Library Main Section 01/25/2011   M 808.7 K79 2003 M3819 04/14/2014 04/14/2014 Books

Belly laughs from Bikini Bottom.

APA

Kowitt H., . (2003). Belly laughs from Bikini Bottom. New York: Scholastic.

Chicago

Kowitt Holly, . 2003. Belly laughs from Bikini Bottom. New York: Scholastic.

Harvard

Kowitt H., . (2003). Belly laughs from Bikini Bottom. New York: Scholastic.

MLA

Kowitt Holly, . Belly laughs from Bikini Bottom. New York: Scholastic. 2003.

  • Place hold
  • Print
  • Cite
  • Add to your cart (remove)
  • Save record
    BIBTEX Dublin Core MARCXML MARC (non-Unicode/MARC-8) MARC (Unicode/UTF-8) MARC (Unicode/UTF-8, Standard) MODS (XML) RIS
  • More searches
    Search for this title in:
    Other Libraries (WorldCat) Other Databases (Google Scholar) Online Stores (Bookfinder.com) Open Library (openlibrary.org)

Exporting to Dublin Core...

SOUTHVILLE LIBRARY

Southville International School and Colleges Library

1281 Tropical Ave. Cor. Luxembourg St., BF Homes International, Las Pinas City

Tel. No. 8256374 / 252358 Loc. 117/146

Powered by Koha